[Event "SVK-chT2C 1112"]
[Site "Slovakia"]
[Date "2011.11.05"]
[Round "3.8"]
[White "Mraz, Ondrej"]
[Black "Korencik, Marian"]
[Result "1-0"]
[WhiteElo "1978"]
[BlackElo "1892"]
[PlyCount "41"]
[EventDate "2011.10.08"]
[EventType "team-tourn"]
[EventRounds "11"]
[EventCountry "SVK"]
[SourceTitle "EXT 2013"]
[Source "ChessBase"]
[SourceDate "2012.11.22"]
[SourceVersion "1"]
[SourceVersionDate "2012.11.22"]
[SourceQuality "1"]
[WhiteTeam "Liptov Chess School II"]
[BlackTeam "Dunajov II"]
[WhiteTeamCountry "SVK"]
[BlackTeamCountry "SVK"]

1. e4 g6 2. d4 Bg7 3. Nc3 d6 4. Be3 Nf6 5. Qd2 0-0 6. f3 c6 7. Bh6 Qb6 8. 0-0-0 e5 9. dxe5 dxe5 10. Bc4 Qc7 11. h4 b5 12. Bb3 Nh5 13. Nge2 a5 14. g4 Nf4 15. Bxg7 Kxg7 16. Nxf4 exf4 17. h5 g5 18. h6+ Kg6 19. Qd4 f6 20. Qf2 Bxg4 21. fxg4 1-0